000 00628nam a2200265Ia 4500
005 20260123165614.0
008 008 260114s9999 xx 000 0 eng d
020 _a9781282853072
037 _aEBOOK
040 _aCRL
040 _beng
040 _cCRL
041 _2eng
041 _aeng
084 _qCRL
100 _aRobert Love
_91106393
245 0 _aLinux Kernel Development
260 _aAddison-Wesley
260 _bPearson
260 _c2010
856 _uhttps://ebooks.elibrary.in.pearson.com/wr/launchbook.html?id=12032024
942 _cEBOOK
999 _c1671510
_d1671510